Dead Man's Rock : a romance /

Hlavní autor: Quiller-Couch, Arthur Thomas, Sir, 1863-1944
Jazyk: Angličtina
Vydáno: London : Cassell and Company, 1924
Vydání: Popular edition
Fyzický popis: xii, 304 s.
Knihy
Uloženo v:
LEADER 00684nam a22002172a 4500
001 001854461
003 CZ BrMZK
005 20230405152720.0
007 ta
008 230404s1924 xxk er|||||||||||eng d
040 |a BOA001  |b cze  |e aacr2 
100 1 |a Quiller-Couch, Arthur Thomas,  |c Sir,  |d 1863-1944  |7 xx0004007  |4 aut 
245 1 0 |a Dead Man's Rock :  |b a romance /  |c by Sir Arthur Thomas Quiller-Couch 
250 |a Popular edition 
260 |a London :  |b Cassell and Company,  |c 1924 
300 |a xii, 304 s. 
910 |a BOA001  |b 1-0226.749 
990 |a BK 
993 |a Y 
991 |b 202303 
996 6 |b BC-2407238  |c 1-0226.749  |l MZK  |r Sklad / do 1 hodiny  |n 0  |p dar  |w 001921493  |u 000010  |a 1  |e BOA001  |j MZK50  |s P